00996nab a22002057a 4500003000400000005001700004008004100021040000700062100002400069245011000093300001500203505027900218505007200497650002300569650002900592650002700621650001300648650003100661773009800692OSt20260106180634.0190514b xxu||||| |||| 00| 0 spa d cPJ aPiccinelli, Ornela 10aCaducidad de la compensación económica : bsobre cómo (nos) impacta el tiempo /cOrnela Piccinelli. ap. 124-138 aSumario: I. El tiempo tampoco es neutral.— II. La caducidad de la compensación económica en el divorcio y en el cese de la unión convivencial. Reglas aplicables.— III. Repensar la regulación del tiempo.— IV. Tiempo de repensar(nos) en la lectura de las normas. tSi te interesa el texto, comunicate a koha@justierradelfuego.gov.ar 0aDERECHO DE FAMILIA 0aCODIGO CIVIL Y COMERCIAL 0aUNIONES CONVIVENCIALES 0aDIVORCIO 0aCOMPENSACIÓN ECONÓMICA0 02844dBuenos Aires : AbeledoPerrot, 1989-tDerecho de familia. N° 115 - Julio 2024z18511201